[Event "POL-ch U18"]
[Site "Szklarska Poreba"]
[Date "2021.03.13"]
[Round "1"]
[White "Manka, Mateusz"]
[Black "Trybus, Daniel"]
[Result "1-0"]
[WhiteElo "1685"]
[BlackElo "2021"]
[PlyCount "57"]
[EventDate "2021.03.13"]
[EventType "swiss"]
[EventRounds "9"]
[EventCountry "POL"]
[SourceTitle "CBM 201 Extra"]
[Source "ChessBase"]
[SourceDate "2021.05.31"]
[SourceVersion "1"]
[SourceVersionDate "2021.05.31"]
[SourceQuality "1"]

1. e4 Nf6 2. e5 Nd5 3. c4 Nb6 4. d4 d6 5. exd6 cxd6 6. Nc3 g6 7. Be3 Bg7 8. Rc1 0-0 9. b3 Bf5 10. d5 Na6 11. Be2 Nc5 12. Nf3 e5 13. dxe6 Nxe6 14. 0-0 Rc8 15. Nb5 d5 16. c5 Nd7 17. Nd6 Bb2 18. Nxf5 Bxc1 19. Nh6+ Kg7 20. Bxc1 f5 21. Qxd5 Ndxc5 22. Qe5+ Qf6 23. Qxf6+ Rxf6 24. Bb2 Ne4 25. Bc4 Re8 26. Ng8 Kxg8 27. Bxf6 Nxf6 28. Nd4 Kf7 29. Nxe6 1-0

[Event "POL-ch U12"]
[Site "Suwalki"]
[Date "2015.04.09"]
[Round "2.7"]
[White "Manka, Mateusz"]
[Black "Bachor, Tomasz"]
[Result "0-1"]
[WhiteElo "1769"]
[BlackElo "1457"]
[PlyCount "112"]
[EventDate "2015.04.08"]
[EventType "swiss"]
[EventRounds "9"]
[EventCountry "POL"]
[SourceTitle "EXT 2023"]
[Source "ChessBase"]
[SourceDate "2022.10.05"]
[SourceVersion "1"]
[SourceVersionDate "2022.10.05"]
[SourceQuality "1"]

1. e4 c6 2. d4 d5 3. Nc3 dxe4 4. Nxe4 Bf5 5. Ng3 Bg6 6. h4 h6 7. Nf3 Nd7 8. h5 Bh7 9. Bd3 Bxd3 10. Qxd3 e6 11. Bd2 Ngf6 12. 0-0-0 Qc7 13. Qe2 0-0-0 14. c4 Bd6 15. Ne4 Nxe4 16. Qxe4 Nf6 17. Qe2 c5 18. Bc3 Rhe8 19. Kb1 cxd4 20. Nxd4 a6 21. Nb3 Bc5 22. Qf3 Rxd1+ 23. Rxd1 Be7 24. g4 Qc6 25. Qf4 Rd8 26. Rxd8+ Bxd8 27. Nd2 Bc7 28. Qd4 Bb6 29. Qf4 Bc7 30. Qf3 Qxf3 31. Nxf3 Nxg4 32. Bxg7 Bf4 33. Bd4 e5 34. Bb6 Nf6 35. Be3 Ng4 36. Bb6 Kd7 37. b4 Kc6 38. Be3 Bxe3 39. fxe3 f5 40. Kc1 Kd6 41. Kd2 Nf6 42. Nh4 Ke6 43. a4 Nxh5 44. a5 Nf6 45. Kd3 h5 46. b5 Ne4 47. b6 Nc5+ 48. Kc3 f4 49. exf4 exf4 50. Kb4 Nd3+ 51. Kc3 Ne5 52. c5 f3 53. Nxf3 Nc6 54. Ng5+ Kd5 55. Kb3 Nxa5+ 56. Ka4 Nc6 0-1

[Event "POL Olympiad U12"]
[Site "Spala"]
[Date "2014.12.30"]
[Round "1.8"]
[White "Manka, Mateusz"]
[Black "Kokoszczynski, Jan"]
[Result "1/2-1/2"]
[WhiteElo "1460"]
[BlackElo "1715"]
[PlyCount "77"]
[EventDate "2014.04.06"]
[EventType "swiss"]
[EventRounds "9"]
[EventCountry "POL"]
[SourceTitle "EXT 2023"]
[Source "ChessBase"]
[SourceDate "2022.10.05"]
[SourceVersion "1"]
[SourceVersionDate "2022.10.05"]
[SourceQuality "1"]

1. e4 c6 2. d4 d5 3. Nc3 dxe4 4. Nxe4 Bf5 5. Ng3 Bg6 6. h4 h6 7. Nf3 Nd7 8. h5 Bh7 9. Bd3 Bxd3 10. Qxd3 Ngf6 11. Bd2 e6 12. 0-0-0 Qc7 13. Rde1 0-0-0 14. Qe2 c5 15. Ne5 Nb6 16. dxc5 Bxc5 17. Rhf1 Nbd5 18. Qc4 Rhf8 19. f4 Nb6 20. Qb3 Bd4 21. Bb4 Rfe8 22. Ne4 Nfd5 23. g3 Nxb4 24. Qxb4 Bxe5 25. fxe5 Qxe5 26. Rxf7 Qd4 27. Qc5+ Qxc5 28. Nxc5 e5 29. Rxg7 Nd7 30. Nxd7 Rxd7 31. Rxd7 Kxd7 32. Rf1 Ke6 33. g4 Rd8 34. Rg1 Kf6 35. Rf1+ Ke6 36. Rg1 Kf6 37. Rf1+ Ke6 38. Rg1 Kf6 39. Rf1+ 1/2-1/2

[Event "POL-ch U10"]
[Site "Szczyrk"]
[Date "2013.03.04"]
[Round "9"]
[White "Manka, Mateusz"]
[Black "Suder, Jakub"]
[Result "0-1"]
[WhiteElo "1411"]
[BlackElo "1595"]
[PlyCount "76"]
[EventDate "2013.03.04"]
[EventType "swiss"]
[EventRounds "9"]
[EventCountry "POL"]
[SourceTitle "EXT 2023"]
[Source "ChessBase"]
[SourceDate "2022.10.05"]
[SourceVersion "1"]
[SourceVersionDate "2022.10.05"]
[SourceQuality "1"]

1. e4 c5 2. Nf3 e6 3. d4 cxd4 4. Nxd4 Nf6 5. Nc3 d6 6. Be2 a6 7. Be3 Qc7 8. 0-0 b5 9. f4 Bb7 10. Bf3 b4 11. e5 dxe5 12. fxe5 Nfd7 13. Bxb7 Qxb7 14. Nce2 Nxe5 15. Ng3 Be7 16. Qh5 Bf6 17. Nxe6 Qe7 18. Nd4 0-0 19. Ngf5 Qc7 20. Bg5 Nbd7 21. Bxf6 Nxf6 22. Qg5 Ng6 23. Nxg7 Ne4 24. Qh6 Kh8 25. Ngf5 Rg8 26. Nf3 Qc5+ 27. N5d4 Rad8 28. Rad1 Rd5 29. Qe3 Nd6 30. Kh1 Re8 31. Qb3 Nc4 32. Rfe1 Rxe1+ 33. Rxe1 Nce5 34. Nxe5 Rxe5 35. Rxe5 Nxe5 36. Qe3 Ng4 37. Qf4 Qe7 38. h3 Qe1+ 0-1

[Event "POL-chT U19 2nd League"]
[Site "Borowice"]
[Date "2012.07.26"]
[Round "8"]
[White "Manka, Mateusz"]
[Black "Wyslobocki, Patryk"]
[Result "0-1"]
[WhiteElo "1398"]
[BlackElo "1702"]
[PlyCount "136"]
[EventDate "2012.07.21"]
[EventType "team-swiss"]
[EventRounds "11"]
[EventCountry "POL"]
[SourceTitle "EXT 2014"]
[Source "ChessBase"]
[SourceDate "2013.11.20"]
[SourceVersion "1"]
[SourceVersionDate "2013.11.20"]
[SourceQuality "1"]
[WhiteTeam "Gliwice Akademia Szachowa U19"]
[BlackTeam "Zielona Gora KS 64 U19"]
[WhiteTeamCountry "POL"]
[BlackTeamCountry "POL"]

1. e4 c5 2. Nf3 d6 3. d4 cxd4 4. Nxd4 Nf6 5. Nc3 g6 6. Bc4 Bg7 7. 0-0 0-0 8. Re1 Nc6 9. h3 Bd7 10. Bg5 Rc8 11. Bb3 Ne5 12. Nd5 Nxd5 13. exd5 h6 14. Bh4 g5 15. Bg3 Nc4 16. Rb1 Re8 17. c3 Qb6 18. Qd3 Ne5 19. Bxe5 dxe5 20. Nf5 Bxf5 21. Qxf5 Qf6 22. Qe4 Red8 23. Re3 Qf4 24. Qxf4 gxf4 25. Re4 Rd6 26. c4 f5 27. Re2 Rc5 28. Rc2 e4 29. Ba4 a5 30. a3 e3 31. f3 e6 32. b4 axb4 33. axb4 Rc7 34. dxe6 Rxe6 35. c5 Kf8 36. Kf1 Ra6 37. Bb5 Ra3 38. Rc4 Be5 39. Rc2 Ke7 40. Ke2 Kf6 41. Bd3 Rg7 42. Rg1 Bc3 43. b5 Rc7 44. Rgc1 Bd2 45. Rb1 Rg7 46. Rg1 Rd7 47. Bc4 Rc7 48. Bd3 Bb4 49. Rgc1 Rd7 50. Rd1 Bd2 51. Bc4 Ke5 52. c6 bxc6 53. bxc6 Rc7 54. Bb5 Rb3 55. Ba6 Rb6 56. Bb7 Kd6 57. Rc4 Rb2 58. Ra4 Ke6 59. Kd3 Rb3+ 60. Ke2 Rb2 61. Kd3 Kf6 62. Rxf4 e2 63. Rxd2 e1Q 64. Rxb2 Qd1+ 65. Rd2 Qb3+ 66. Ke2 Re7+ 67. Kf1 Qb1+ 68. Kf2 Qe1# 0-1